000 00754cam a22002533a 4500
001 130
003 PGUSA
005 20230525152655.0
008 940501s1994||||xxu|||||s|||||000 | eng d
040 _aPGUSA
_beng
042 _adc
050 4 _aBR
100 1 _aChesterton, G. K.
_q (Gilbert Keith),
_d 1874-1936
245 1 0 _aOrthodoxy
_h [electronic resource] /
_cG. K. Chesterton
260 _bProject Gutenberg,
_c1994
500 _aCompanion to Heretics
506 _aPublic domain in the USA.
516 _aText
653 _aChristianity -- Essence, genius, nature
653 _aApologetics
653 _aChesterton, G. K. (Gilbert Keith), 1874-1936
830 0 _aProject Gutenberg
_v 130
856 4 0 _uhttp://www.gutenberg.org/ebooks/130
999 _c13505
_d13505